Star Wars - Jedi Quiz - Statistics

General Stats
  • This quiz has been taken 123 times
  • The average score is 8 of 10
Answer Stats
Picture Answer % Correct
Qui-Gon Jinn
100%
Plo Koon
93%
Ben Solo
87%
Yaddle
87%
Kit Fisto
86%
Cal Kestis
77%
Aayla Secura
76%
Kanan Jarrus
65%
Coleman Trebor
53%
Even Piell
46%
No matching quizzes found
Score Distribution
Percent of People with Each Score
Percentile by Number Answered
Your Score History
You have not taken this quiz